Fr. Conceicao Rodrigues College of Engineering

Fundamentals of Computer Graphics (Record no. 20788)

MARC details
000 -LEADER
fixed length control field 00408nam a2200181Ia 4500
082 ## - DEWEY DECIMAL CLASSIFICATION NUMBER
Classification number 6.6
Item number SHI
100 ## - MAIN ENTRY--PERSONAL NAME
Personal name Shirley/Peter/ Marschner/Steve
250 ## - EDITION STATEMENT
Edition statement 3
245 ## - TITLE STATEMENT
Title Fundamentals of Computer Graphics
260 ## - PUBLICATION, DISTRIBUTION, ETC.
Name of publisher, distributor, etc. A.K.Peters
Date of publication, distribution, etc. 2010
366 ## - TRADE AVAILABILITY INFORMATION
Publishers's discount category 25
300 ## - PHYSICAL DESCRIPTION
Extent 287
546 ## - LANGUAGE NOTE
Language note ENGLISH
-- Computers
650 ## - SUBJECT ADDED ENTRY--TOPICAL TERM
Topical term or geographic name entry element Computer graphics
654 ## - SUBJECT ADDED ENTRY--FACETED TOPICAL TERMS
Focus term computer graphics
942 ## - ADDED ENTRY ELEMENTS (KOHA)
Koha item type BOOK
Holdings
Withdrawn status Lost status Damaged status Not for loan Collection Home library Current library Date acquired Source of acquisition Cost, normal purchase price Inventory number Total Checkouts Full call number Barcode Date last seen Cost, replacement price Price effective from Koha item type
        CRC Fr. Agnel's C.Rodrigues College of Engineering Fr. Agnel's C.Rodrigues College of Engineering 17/03/2023 Allied Publishers 506.25 1488 dt 26.11.2013   6.6 SHI 23013 17/03/2023 675.00   BOOK